000 00702nam a2200277Ia 4500
005 20260324115650.0
008 008 260324s9999 xx 000 0 eng d
020 _a9781315111964
037 _aEBOOK
040 _aCRL
040 _beng
040 _cCRL
041 _2eng
041 _aeng
084 _qCRL
100 _aA.M. Glezer; E.V. Kozlov; N.A. Koneva; N. A. Popova; I. A. Kurzina
_91155547
245 0 _aPlastic Deformation of Nanostructured Materials
260 _bTaylor and Francis
260 _c2017
365 _a
365 _b435
856 _uhttp://www.taylorfrancis.com/books/9781315111964
942 _cEBOOK
999 _c1746584
_d1746584